El Tercer Reich : una nueva historia /

Panorámico/detallado/completo/

Gardado en:
Detalles Bibliográficos
Autor Principal: Burleigh, Michael (autor)
Formato: Libro
Idioma:Lingua castelá
Publicado: México : Punto de Lectura, 2010, c2010
Series:(Punto de Lectura ; Ensayo) 208/1.
Temas:
Etiquetas: Engadir etiqueta
Sen Etiquetas, Sexa o primeiro en etiquetar este rexistro!

MARC

LEADER 00000nam^a2200000^a^4500
001 000308729
005 20250521000000.0
009 20260526135739.855
020 |a 978-970-812-024-1 
037 |a Acervo ITESO - Biblioteca 
041 |a ESP 
082 |a 943. 086  |b BUR 
100 |a Burleigh, Michael  |e (autor) 
245 1 3 |a El Tercer Reich :  |b una nueva historia /  |c M. Burleigh ; tr. por José Manuel Alvarez Flórez. 
264 4 |a México :  |b Punto de Lectura,  |c 2010, c2010 
300 |a 1418 p. 
336 |a texto  |b txt  |2 rdacontenido 
337 |a sin mediación  |b n  |2 rdamedio 
338 |a volumen  |b nc  |2 rdasoporte 
440 1 |a (Punto de Lectura ;  |v 208/1.  |p Ensayo) 
500 |a Traducción de: The Third Reich. A New History 
520 |a Panorámico/detallado/completo/ 
520 |a Extensa historia panorámica sobre el régimen de la Alemania nazi, escrita por el especialista británico Michael Burleigh, quien al unísono de ofrecer una visión comprensiva presta atención detallada a las diferentes aristas del Tercer Reich. El historiador, galardonado con el Samuel Johnson Prize (2001) por este trabajo, narra cómo un movimiento de tintes demagógicos y religiosos se erigió en una presunta salvación para la Alemania derrotada de la Primera Guerra Mundial, explica la compleja argumentación moral esgrimida por los autores del holocausto para perpetrar el genocidio judío y describe la vida bajo un régimen totalitario que imperó en gran parte de Europa durante cuatro de los seis años de la Segunda Guerra Mundial. The Racial State: Germany 1933-1945 (1991), Confronting the Nazi Past (1995), Ethics and Extermination: Reflections on Nazi Genocide (1997) y Germany Turns Eastwards: A Study of Ostforschung in the Third Reich (1998) se cuentan entre las contribuciones precedentes de Burleigh al estudio de la materia. 
649 |a XX 
650 |a Judíos en Europa -  |x Historia 
650 |a Genocidio -  |z Europa -  |x Historia 
650 |a Nazismo -  |x Historia 
650 |a Política -  |z Alemania -  |x Historia -  |y Tercer Reich, 1933-1945 
650 |a Política -  |z Alemania -  |x Historia -  |y Siglo XX 
650 |a Alemania -  |x Historia -  |y República de Weimar, 1919-1933 
650 |a Alemania -  |x Historia -  |y Tercer Reich, 1933-1945 -  |x Tema Principal 
650 |a Alemania -  |x Historia -  |y Siglo XX 
650 |a Europa -  |x Historia -  |y 1939-1945 
650 |a Europa -  |x Historia -  |y 1918-1945 
650 |a Europa -  |x Historia -  |y Siglo XX 
650 |a Guerra Mundial (Segunda), 1939-1945 -  |x Historia 
910 |a Fondo General 
920 |a Impresos - Libros 
930 |a Colección General 
905 |a 101 
901 |a 0500194933  |b IT1  |c ACC  |i C127442  |u 20250521 
902 |a https://opac.biblio.iteso.mx/vufind/Record/000308729